Un Gioco Quieto

-д хадгалсан:
Номзүйн дэлгэрэнгүй
Үндсэн зохиолч: Greg Iles
Формат: Ном
Хэл сонгох:Тодорхойгүй
Хэвлэсэн: Pimme
Шошгууд: Шошго нэмэх
Шошго байхгүй, Энэхүү баримтыг шошголох эхний хүн болох!

MARC

LEADER 00000nam a2200000Ia 4500
001 R-883
003 CODICE-MESSINA
005 20260212102458.0
008 260211s9999 xx 000 0 und d
040 |c importazione_messina 
100 |a Greg Iles 
245 0 |a Un Gioco Quieto 
260 |b Pimme 
942 |2 ddc  |c BK 
952 |0 0  |1 0  |2 ddc  |4 0  |6 SCAFFALE_8_000000000000000__ROMANZI  |7 0  |9 31710  |a ME  |b ME  |d 2026-02-11  |l 0  |o SCAFFALE 8 - ROMANZI  |p R-883  |r 2026-02-11 23:52:43  |w 2026-02-11  |x [REVISIONARE]  |y BK 
999 |c 27375  |d 27375